000 00581nam a2200193Ia 4500
003 GCL
008 140319s9999 xx 000 0 ara d
040 _aGCL /
_cGCL
082 0 4 _a649.1
_bا د
100 1 _aاميل خليل بيبرس
245 1 0 _aدليل الطفل الطبى: مع صور ايضاحية, ط 4 /
_cاميل خليل بيبرس
260 _a[S.N] :
_bدار الافاق الجديدة ،
_c1991
300 _a212 ص
490 _a
650 0 4 _aالاطفال
650 0 4 _aالرعاية
650 0 4 _aالعناية الصحية
942 _2ddc
_cBK
999 _c54498
_d54498